General Principles of Criminal Law Through The Cases / (Record no. 586)

MARC details
000 -LEADER
fixed length control field 00563nam a22001697a 4500
005 - DATE AND TIME OF INPUT
control field 20231113143728.0
008 - DATA ELEMENTS--GENERAL INFORMATION
fixed length control field 231113b |||||||| |||| 00| 0 eng d
020 ## - INTERNATIONAL STANDARD BOOK NUMBER
International Standard Book Number 0409061182
041 ## - LANGUAGE CODE
Language code of text English
082 ## - SHELF NUMBER
DDC number 345 VIS
100 ## - MAIN AUTHOR
Main author's name Visser, PJ and Vorster, JP
Language of a work English
245 ## - TITLE STATEMENT
Title General Principles of Criminal Law Through The Cases /
Statement of responsibility, etc. PJ Visser and JP Vorster
260 ## - PUBLICATION, DISTRIBUTION, ETC.
Place of publication, distribution, etc. Durban :
Name of publisher, distributor, etc. Butterworths and Company (Pty) Ltd,
Date of publication, distribution, etc. 1982
300 ## - PHYSICAL DESCRIPTION
Other physical details xxv, 523 pages ;
Dimensions 24, 7 cm.
650 ## - SUBJECT`
Broad subject Legal practice
Own subject terms Law
942 ## - ADDED ENTRY ELEMENTS (KOHA)
Item type Books
942 ## - ADDED ENTRY ELEMENTS (KOHA)
-- ALISON_BN_VRIES
Holdings
Source of classification or shelving scheme Not for loan Collection code Home library Current library Shelving location Date acquired Full call number Barcode Price effective from Koha item type
Dewey Decimal Classification   TEXT BOOKS LAW SOCIETY OF NAMIBIA LIBRARY - WINDHOEK LAW SOCIETY OF NAMIBIA LIBRARY - WINDHOEK Criminal law and procedures 11/13/2023 345 VIS LSN/1987/261 11/13/2023 Books